000 00301nam a22001337a 4500
008 170622b xxu||||| |||| 00| 0 eng d
020 _a0130284823
041 _aeng
080 _a32
100 _a20
101 _aSHP
245 _aTHE AMERICAN POLITICAL EXPERIENCE
_cEDWARDS, D.V
942 _2udc
_cBK
999 _c18630
_d18630